| 000 | 00600nam a2200121Ia 4500 | ||
|---|---|---|---|
| 008 | 171212s9999 xx 000 0 und d | ||
| 020 | _a9780833087386 | ||
| 100 | _aGonzalez, Gabriella C.;Bozick, Robert;Daugherty, Lindsay;Scherer, Ethan;Singh, Reema | ||
| 245 |
_cGonzalez, Gabriella C.;Bozick, Robert;Daugherty, Lindsay;Scherer, Ethan;Singh, Reema _aTransforming an Urban School System _bProgress of New Haven School Change and New Haven Promise Education Reforms (2010–2013) |
||
| 260 |
_bRAND Corporation _c2014 |
||
| 650 | _aEducation | ||
| 856 | _uhttp://www.jstor.org/stable/10.7249/j.ctt14bs3dw | ||
| 999 |
_c352752 _d352752 |
||